A comprehensive Russian grammar /
Saved in:
| Main Author: | |
|---|---|
| Format: | Book |
| Language: | English |
| Published: |
Oxford ; Malden MA :
Blackwell,
1992.
|
| Subjects: | |
| Tags: |
Add Tag
No Tags, Be the first to tag this record!
|
| Institutions: | Mạng thư viện Đại học Đà Nẵng |
|---|
| LEADER | 00813cam a2200325 i 4500 | ||
|---|---|---|---|
| 001 | 000045583 | ||
| 003 | 4772 | ||
| 005 | 20030228120844.0 | ||
| 008 | 010220|1992 vm 000 eng | ||
| 020 | |a 0631175024 | ||
| 040 | |a IRC |c IRC |d IRC | ||
| 041 | 0 | |a eng | |
| 082 | 1 | 4 | |a 491.782421 |b WA-T |
| 100 | 1 | |a Wade, Terence. | |
| 245 | 0 | 2 | |a A comprehensive Russian grammar / |c Terence Wade. |
| 260 | |a Oxford ; Malden MA : |b Blackwell, |c 1992. | ||
| 300 | |a xxvi, 582p. | ||
| 630 | 0 | 4 | |a Nga ngữ. |
| 630 | 0 | 4 | |a Russian grammar. |
| 650 | 0 | 4 | |a Russian language |x Grammar |y 1950- |
| OWN | |a DUT | ||
| 999 | |a From the UDN01 | ||
| TYP | |a Monograph | ||
| TYP | |a Printed language | ||
| 980 | |a Mạng thư viện Đại học Đà Nẵng | ||


